Statistics for All Last Words in Star Wars

Click here to take the quiz!

General Stats

  • This quiz has been taken 249 times
    (1 since last reset)
  • The average score is 1 of 294

Answer Stats

AppearanceLineCharacter% Correct
The Rise of Skywalker"Ben"Leia Organa
100%
The Phantom Menace"Halt! Where are you taking them? Coruscant? Uh, that doesn't compute. Uh, wait. You're under arrest"2163
0%
Clone Wars: Ambush"Oh no. But... I... just... got... promoted!"224
0%
Rebels: Double Agent Droid"Our circuits are overloading!"3-9
0%
Clone Wars Movie"Oh, young one. I mean, soon to be Jedi Knight. I had to get away from that terrible... Blast her! Don't you dare! Don't... you... dare..."4-A7
0%
Clone Wars: Trespass"685 to Command. There are too many of them. They're overrun the base. We need reinforcements!"685
0%
Solo"It's empty. The case is empty"Aemon Gremm
0%
Clone Wars: Escape from Kadavo"Someone wishes to speak with you. Jedi reinforcements. Come now, Master Kenobi. I know a Jedi won't kill an unarmed man"Agruss
0%
Clone Wars: Phantom Apprentice"I'm flattered that you could find the time to see me. Maul is not trying to escape because he sees no point in doing so. No, that's not it. For weeks now he's been consumed by a strange sense of dread. Not that I can recall. Wasn't just Kenobi he wanted, no. Uh, there was someone else he was interested in. If only I could remember the name. No, wait. It was... Maul had a vision. A dream. The name came to him. Skywalker"Almec
0%
The Last Jedi"Godspeed, rebels. No, you're too far out. Full speed to planetfall. Full speed!"Amilyn Holdo
0%
Return of the Jedi"Luke. Help me take this mask off. Nothing can stop that now. Just for once, let me look on you with my own eyes. Now, go, my son. Leave me. You already have, Luke. You were right. You were right about me. Tell your sister... you were right"Anakin Skywalker
0%
Clone Wars: Voyage of Temptation"No, please, I beg you"Andimor Gray
0%
The Phantom Menace"Captain, look!"Antidar Williams
0%
Clone Wars: Duchess of Mandalore"It's the navigation system. Get her out of here. There's a platform ahead. I'll try to get closer. Jump!"Aramis
0%
The Rise of Skywalker"It was a coordinated incursion, Allegiant General. They overpowered the guards and forced me to take them to their ship"Armitage Hux
0%
Andor: The Eye"You think he'll make it? Yeah, luck. It drives the whole damn galaxy, doesn't it? You wanna guess how much is in there? Eighty million, give or take. What'd you tell me? You wanna win and walk away. Well... forty million apiece. Don't tell me you haven't thought about it. See, I can't fly the trawler, but I do have a safe place we can hole up. Between the two of us, we could be the winners here. Oh, I'm a rebel. It's just, uh... me against everybody else. Forty million credits is enough for me to forget all about you. I don't have a brother. Don't play the high mind with me. You're not here to save anybody but yourself. I saw it the first minute you came into camp. You're just like me. We were born in the hole, and all we know is climbing over somebody else to get out. There's a moon eight parsecs from here with nobody home. Put that thing down, catch our breath, split up the winnings, and just walk..."Arvel Skeen
0%
Clone Wars: Secret Weapons"Not so fast. Arms up"Aut-O
0%
Clone Wars: Storm Over Ryloth"I've got two on my tail. I can't shake them. Why are we retreating? Don't worry about me, Skipper. Ah, my power converters. They're failing. Overload! Overload!"Axe
0%
Resistance: The New World"Stand back. Security coming through. We've got this under control, Commander Neeku. Intruders are not allowed. State your business here. Not fair..."B1
0%
Rebels: The Last Battle"Roger, roger. Move in. Greetings. I am unit B1-268. My commander has sent me to report your intentions. Um, are we... Greetings"B1-268
0%
Clone Wars: The Gungan General"We're leaving without the spice? What, uh... what are you doing?"Barb Mentir
0%
Ahsoka: Fallen Jedi"I don't think they're sticking around for a fight"Baysee
0%
Rogue One"Chirrut! Come back! Chirrut! Come! Come with me! Chirrut! Chirrut. Don't go. Don't go. I'm here. I'm here. Chirrut. The Force is with me and I'm one with the Force. The Force is with me and I'm one with the Force. The Force is with me and I'm one with the Force. The Force is with me and I'm one with the Force"Baze Malbus
0%
Clone Wars: Crisis at the Heart"We can't do this, Dooku. The Separatist Senate will never approve. No! No! No!"Bec Lawise
0%
Clone Wars: Lair of Grievous"Copy. This is watcher base, over. Right away, sir. Better warm up the shuttle's long-range transmitter"Bel
0%
The Rise of Skywalker"Ow"Ben Solo
0%
The Mandalorian: The Rescue"Boba. I thought you were dead. I am so glad to see you. I had heard many rumours" (Huttese)Bib Fortuna
0%
A New Hope"Luke, at that speed, will you be able to pull out in time? We'll stay back far enough to cover you. Hurry, Luke. They're coming in much faster this time. We can't hold them. Hurry up, Luke. Quick. Quick!"Biggs Darklighter
0%
Rogue One"This is Rogue One calling any Alliance ships that can hear me. Is there anybody out there? This is Rogue One. Come in. Over. We have the plans. They found the Death Star plans. They have to transmit them from the communications tower. You have to take down the shield gate. It's the only way they're gonna get them through. This is for you, Galen"Bodhi Rook
0%
Clone Wars: Cargo of Doom"You will never get me to unlock the holocron"Bolla Ropal
0%
Rebels: In the Name of the Rebellion"Pursuit course. After them"Brom Titus
0%
The Book of Boba Fett: In the Name of Honor"I've known you a long time, Boba. One thing I can't figure. What's your angle? Like the Tuskens. I'm still faster than you. Let's find out. Now's about the time you jet off to your bacta tank. You gave it a shot. You tried to go straight. But you got your father's blood pumping through your veins. You're a killer. This isn't the first time I beat you out on a job. There's no shame in it. Consider this my final lesson. Look out for yourself. Anything else is weakness. I knew you were a killer"Cad Bane
0%
Bad Batch: The Clone Conspiracy"Slip, we're not bad men, but what we did was wrong. Please, I need your help. Together we can..."Cade
0%
Rogue One"Your father would have been proud of you, Jyn"Cassian Andor
0%
Clone Wars: Lethal Trackdown"I'm stuck out here on Florrum. Yeah, this job's gone south, like every job I do with that hag. I have some information. Information that's worth something to the right people. That's where you come in"Castas
0%
Clone Wars: Trespass"Senator, good. You must avenge me. As my final command as Chairman of Pantora, I order you to destroy the Talz. No, impossible. Peace? Never. I died for our people"Chi Cho
0%
Rogue One"I'm one with the Force and the Force is with me. I'm one with the Force, the Force is with me. I'm one with the Force, the Force is with me. I'm one with the Force and the Force is with me. I'm one with the Force and the Force is with me. I'm one with the Force and the Force is with me. I'm one with the Force and the Force is with me. I'm one with the Force... It's okay. It's okay. Look for the Force, and you will always find me"Chirrut Îmwe
0%
Rebels: Rebel Assault"Copy, Phoenix Leader. Try to keep up, Duke. Watch out! We've picked up three more. Control systems failing!"Cleat
0%
Clone Wars: ARC Troopers"I'll get more. I'm a soldier, like you. This is what I was bred for"Clone 99
0%
Bad Batch: The Clone Conspiracy"No, you won't, Captain Rex. You're fighting the wrong battle, brother. You're limited. A believer"Clone X
0%
Clone Wars: Wookiee Hunt"It's one of those blasted Jedi whelps. Get her!"Clutch
0%
Attack of the Clones"M'lady, I'm so sorry. I've failed you, Senator"Cordé
0%
Andor: Rix Road"You. What are you doing here?"Corv
0%
Clone Wars: Rookies"What the..."CT-327
0%
Rebels: Call to Action"Commandant Cumberlayne Aresko and Taskmaster Myles Grint reporting. Oh, yes, sir. Well I... I wouldn't say... Uh, nothing of note. The insurgents stole some supplies and escaped on speeder bikes. No casualties. We have encountered him, sir, and he lives up to their reputation"Cumberlayne Aresko
0%
Bad Batch: Infiltration"If you want answers so badly, why aren't you asking him? Right, brother? You're right about one thing. They are coming for all of you"CX-1
0%
Clone Wars: Massacre"No! No! No!"Daka
0%
The Empire Strikes Back"Oh, Luke, we've got a malfunction in fire control. I'll have to cut in the auxiliary"Dak Ralter
0%
Tales of the Empire: Devoted"They killed Ahmar, didn't they? Embracing the future"Dante
0%
Clone Wars: Supply Lines"If help does not arrive soon, the entire Outer Rim garrison will be wiped out. With regret, I report that my fleet will no longer be able to provide protection for the troops on Ryloth. I repeat my request that help be sent right away"Dao
0%
Clone Wars: Padawan Lost"I will kill her with my own hands. Come here, you Jedi whelp. Not so impressive, are you? And yet, you have the honour of being my first Jedi kill. First of many, I hope"Dar
0%
A New Hope"Stabilise your rear deflectors. Watch for enemy fighters. Stay on target. Stay on target. Gold Five to Red Leader. Lost Tiree, lost Hutch. They came from behind"Davish Krail
0%
Clone Wars: Duchess of Mandalore"I don't have much time. They're following me. I had to come. This is worth it. Buried deep in the evidence facility at the ministry. It was not easy to find, believe me. You were right. Someone faked the evidence. The recording presented to the Senate was not the full recording, but this disc is. You must show the Senate"Davu Golec
0%
Bad Batch: Aftermath"My Padawan will be here. Caleb, where are the reinforcements? Caleb. He's right, Captain. This is our chance. Launch the counterattack. Care to introduce your new friends, Caleb? While I'm not sure 'fun' is the sentiment I would express, I agree with my Padawan. Your exploits were quite impressive. Now, would one of you please explain where my actual reinforcements are. A fascinating theory, yet unfortunately not something we can control from here. I suggest we focus on the task at hand. Well, Caleb, shall we let them do what they do? Very well. You must run! Run, Caleb!"Depa Billaba
0%
A New Hope"Computer's locked. Getting a signal. The guns. They've stopped"Dex Tiree
0%
Rebels: The Mystery of Chopper Base"Woah! Woah! Hey! What? Hey! Get away from that! What are you guys doing over there? What's wrong? Did something frighten you?"Dicer
0%
The Book of Boba Fett: In the Name of Honor"We had a deal"Dokk Strassi
0%
The Rise of Skywalker"Forgive me, sir, but these allies on Exegol, they sound like a cult. Conjurers and soothsayers. This fleet, what is it, a gift? What is he asking for in return? Does he..."Domaric Quinn
0%
Clone Wars: The Soft War"Follow me. This way. Come on, let's go"Dono
0%
Revenge of the Sith"Your swords, please. We don't want to make a mess of things in front of the chancellor. I've been looking forward to this. Good. Twice the pride, double the fall. I sense great fear in you, Skywalker. You have hate. You have anger. But you don't use them"Dooku
0%
Clone Wars: Rookies"Droids!"Droidbait / CT-00-2010
0%
Solo"I knew it. My men, they all said 'there's no way they pull this off, Qi'ra's not ready'. That's what they said, but I had faith anyway. Where's Beckett? Tell me. How are you holding up? You alright? Alright, good. Colo claw fish, anyone? No? You know, whatever Beckett's shortcomings may have been, I always admired him. He was a man of principles. When he made a commitment, he honoured it, and I think we can all take solace in knowing how proud he would've been to see you here, following his example. Qi'ra. Come here. I would've been inconsolable if anything had happened to you, my dear. I have no one else in my life that I trust in the way that I trust you. What? Oh. Show me what you've brought me first. Oh, yes, Han. I really do. Bring me one. I never ask for anything twice, Han. It's magnificent. How'd you do it? No, I mean, how'd you do it? It looks exactly like the real thing. Yes, and I'm saying I would believe you, it's that good. But my associate already told me about your plan to rob me of my money and give the real coaxium to Enfys Nest. No, not Qi'ra. Not Qi'ra. Qi'ra, it turns out, has a weak spot for you and we'll deal with that later. No, I'm talking about my other associate. Can you come in and join us, please? And there we have it. Excellent work, Aemon, thank you. Qi'ra, help me. Tell me what to do. What would you do if the person you most trusted in the world betrayed you? And then what? Aemon, what's going on? What's happening there? Aemon? Talk to me. Beckett, what are you doing? Don't do this, Beckett. We had a deal. You're making a huge mistake. It's gonna be your last. Han, now's as good a time as any to reevaluate our relationship. I was just thinking, why don't we join forces and go get Beckett together? Oh, Han. You can't win, Han, and even if you could you'd spend the rest of your life looking over your shoulder. Han, she's done things that you could never understand, but I do. I understand her completely. Once you're a part of Crimson Dawn, you can't leave"Dryden Vos
0%
Rebels: Rebel Assault"I'm right behind you. Good shot!"Duke
0%
Bad Batch: The Cavalry Has Arrived"This has been very enlightening. Who knew a child could be so valuable? Oh, your science means nothing to me. It's a mere bargaining chip. And if this is as vital as Hemlock said, the Empire should be willing to give me anything to get it back. Hmm. Not any longer. Wha..."Edmon Rampart
0%
The Last Jedi"I've got a visual on the target. We're approaching the sweet spot. Bombs are armed"Edon Kappehl
0%
Return of the Jedi"I'm hit!"Ekelarc Yong
0%
The Force Awakens"I'm hit!"Ello Asty
0%
Bad Batch: Replacements"What are you doing? Gerrera's fighters are dead. These are civilians. We should bring them in. Forget our orders. This is wrong. No. None of us are. Ignore the clone. We signed up to be soldiers, not an execution squad. We're going to detain the prisoners and take them in for questioning"ES-01
0%
Bad Batch: Return to Kamino"We're running out of time, Commander. Negative, Commander"ES-03
0%
Clone Wars: Lair of Grievous"Oh, what have we here? The uninvited guests. Master, the Jedi are about to enter the control room. How exciting. Get him master, kill him. Wait, where's the other Jedi? Oh, no"EV-A4-D
0%
Clone Wars: Cloak of Darkness"As successful a rescue as one could hope for, viceroy. I will be a legend for this. You see, assassin? Our plan went off without a hitch. And I will, of course, make sure your contributions are noted in my report to Count Dooku"Faro Argyus
0%
Clone Wars: Monster"Savage? Savage, you know me. I am your kin. Do not do this. No! Brother! Brother, please! Savage!"Feral
0%
Return of the Jedi"Intensify the forward batteries. I don't want anything to get through. Intensify forward firepower!"Firmus Piett
0%
Clone Wars: Orders"General Skywalker. Thank you. Thank you for trusting me. Now, have you come without troops? Put down your weapons, then. Please, sir! Please, I'm unarmed. I need your help. I'm not crazy! Please, please, just... just hear what I have to say. I just need you to listen to me, please. I was framed because I know the truth. The truth about a plot, a massive deception. Well, there's a sinister plot in the works against the Jedi. I have proof of it. I can prove that everything that I know is true beyond a shadow of a doubt! The evidence is in here. It's... it's in here. It's in all of us, every clone. Organic chips built into our genetic code, to make us do whatever someone wants, even kill the Jedi. It's all in here. Ah, you don't believe me! How do I know you're not tricking me? How do I know it won't be a trap? The Chancellor will try to kill me. I promise you that! He's in on it! I don't know to what extent, but I know he orchestrated much of this. He told me in the medical bay. He is! I swear to you, General You have no idea... No! No! No! Stay back! Get away from me! Brother... Rex... This... it's bigger than any of us, than anything I could have imagined. I never meant to... I only wanted to do my duty. The mission... the nightmares... they're... finally... over"Fives / CT-5555
0%
The Force Awakens"Traitor!"FN-2199
0%
The Rise of Skywalker"Freeze. Hold it right there. I've located the Resistance fugitives. All units, report..."FN-2802
0%
The Force Awakens"Hey!"FN-9330
0%
Resistance: Rebuilding the Resistance"Negative, 533. We're finishing this mission. There we are. What the... No!"Galek
0%
Rogue One"Stardust. It must be destroyed. Jyn. Look at you. I have so much to tell you"Galen Erso
0%
Clone Wars: Wookiee Hunt"Kill them! Kill them! I want their skins! A valiant effort, little younglings, especially you, Togruta. You will be a prized trophy in my collection. You murdered my son, and you need to pay for what you did"Garnac
0%
The Book of Boba Fett: From the Desert Comes a Stranger"Excuse me"Garsa Fwip
0%
Rebels: Legacy of Mandalore"Yes, she can. Because she is loyal, just not to you. I believe you have something else for me. Your mother betrayed everything you believe in to save you It's admirable, except she consorted with known traitors to do it. Why, Countess, you are harbouring rebels here. Clan Wren is clearly a threat to the Empire, and must be made an example of. I've been fair to you, Tristan, and you have served me well. I'll give you a choice. Stand with me, or die with your family. Then Clan Wren ends here. Rau! You will be taken back to Mandalore to finish what you started, the last living member of the Wren Clan. I'm impressed. You have some skill. But not enough to save you. I'll never yield to you, girl. You'll have to kill me"Gar Saxon
0%
A New Hope"Copy, Base One. Luke, take Red Two and Three. Hold up here and wait for my signal to start your run. This is it. Keep your eyes open for those fighters. I'm in range. Target's coming up. Just hold them off for a few seconds. Almost there. Almost there. It's away! Negative. Negative. It didn't go in. It just impacted on the surface. Stay there. I just lost my starboard engine. Get set up for your attack run"Garven Dreis
0%
Clone Wars: Legacy of Terror"Wind's probably playing tricks on us, right? What the...? They're not going down!"Gearshift
0%
Clone Wars: Duel of the Droids"This is... This is... General Grievous! It appears this droid's mission memory has never been erased. It contains every Republic formation and strategy they have. More than my fee. This droid is worth more, I get paid more. Now I suggest..."Gha Nachkt
0%
Return of the Jedi"Too late!"Gherant
0%
The Mandalorian: The Return"My clones were finally going to be perfect. The best parts of me, but improved by adding the one thing I never had. The Force. I was isolating the potential to wield the Force, and incorporating it into an unstoppable army. And you smothered them before they could draw their first breath. Bo-Katan Kryze. What's it gonna be this time? Surrender or fight? Hand over the Darksaber and I will give you a warrior's death. The Darksaber is gone. You've lost everything. Mandalorians are weak once they lose their trinkets"Gideon
0%
The Mandalorian: The Pirate"It's the Mandalorian. Man the gunwales. Launch the snubfighters. Follow him! Don't let him get away! Tell Vane and the fighters to reform for a counter attack. Then bring them back! Dank farrik! Vane, you coward. In a puffer pig's eye. Open fire below!"Gorian Shard
0%
The Mandalorian: The Marshal"Alright. Stop. Stop. I'll tell you where he is. But you must give me your word that you won't kill me. Tatooine. The Mando I know of is on Tatooine. My information is good, I tell you. The city of Mos Pelgo. I swear it by the Gotra. Wait, Mando! You can't leave me like this! Cut me down! Wait what... what are you doing? Mando! I can pay! Mando! Mando!"Gor Koresh
0%
Andor: The Eye"What are you doing? You're still loading? I was afraid you'd be leaving! We need to be locking up! Quit gawking and get pushing. Close it down! Let's go! Last call! Seven years serving you? I deserve worse than that. Are we good to go? Okay, come on! Come on! Are you crazy? Just leave it! Get this thing in the air! You're off your post, Corporal. This is a classified mission, and you're not cleared to be here. Tell him, sir. Tell him he needs to leave. I am giving you a direct order, Corporal!"Gorn
0%
Clone Wars: Wookiee Hunt"What the...?"Goron
0%
Rebels: Fire Across the Galaxy"At last, a fight that might be worthy of my time. Why? Because you have no one left to die for you? You have no idea what you've unleashed here today. There are some things far more frightening than death"Grand Inquisitor
0%
Revenge of the Sith"It will be done, my Lord"Gree / CC-1004
0%
A New Hope"Koona tchuta, Solo? Soong peetch alay. Mala tram pee chock makacheesa. Jabba wah ning chee kosthpa murishani tytung ye wanya yoskah. Chas kee nyowkee koo chooskoo. Keh lee chalya chulkah in ting cooing koosooah. Jabba harl tish ding. Song kul rul yay pul-yaya ulwan spastika kushuknoo oponowa tweepi. Klop Jabba poo pah. Goo paknee ata pankpa. Uth laynuma. Chespo kutata kreesta krenko nyakoska. Ma klounkee"Greedo
0%
Rebels: Family Reunion - and Farewell"It was an honour to serve with you, Rex. It was an honour to fight with you for something that we chose to believe in"Gregor / CC-5576-39
0%
Revenge of the Sith"General Kenobi. You are a bold one. Kill him. Back away. I will deal with this Jedi slime myself. You fool. I've been trained in your Jedi arts by Count Dooku. Attack, Kenobi. Army or not, you must realise you are doomed"Grievous
0%
Return of the Jedi"She's gonna blow!"Grizz Frix
0%
Clone Wars: Monster"Stay back!"Halsey
0%
Tales of the Jedi: Choices"You and all of the Senate puppets will see a reckoning!"Hanel
0%
The Force Awakens"Ben! Take off that mask. You don't need it. The face of my son. That's what Snoke wants you to believe. But it's not true. My son is alive. Snoke is using you for your power. When he gets what he wants, he'll crush you. You know it's true. No, it's not. Leave here with me. come home. We miss you. Yes. Anything"Han Solo
0%
Clone Wars: Plan of Dissent"Ha ha. I'm just doing it for fun. Let's do this. Why did they have to go and do that? We can't turn back now! Cover me! Trust me. I got a plan. This is for the 501st. Don't wait for me. You've disobeyed enough orders today, sir. Follow this one, get out of here! Live to fight another day, boys. Live to fight another day"Hardcase
0%
Clone Wars: ARC Troopers"99, get out of here! This is no place for you"Havoc
0%
Ahsoka: Master and Apprentice"Hayle. If you don't mind me saying, it's quite a surprise meeting Jedi out here. I bet it does. You put on a good show, but, uh... I don't buy it. You're no Jedi. Just some overconfident Imperial trash who just pushed their luck too far. And you, sir, should have surrendered when the Empire collapsed. Jakris, get RD-3 to scan these imposters for identification"Hayle
0%
Clone Wars: Nomad Droids"So, you are the intruders. On this planet, things are what Hay-Zu says they are. What's this? Your friend challenges big Hay-Zu's authority? That's the chance you'll have to take. Now get off my planet while I'm in a good mood, or I'll have you dismembered and sold for scrap. Free them! Ah, big talk for a small droid"Hay-Zu
0%
Clone Wars: Rookies"I'm on it, sir. The remote isn't working. I have to detonate it manually. It's no use. I know what I have to do. I don't"Hevy / CT-782
0%
The Mandalorian: Redemption"They will not be satisfied with anything less than the child. This is unacceptable. I will eliminate the enemy and you will escape. That is not my objective. I still have the security protocols from my manufacturer. If my designs are compromised, I must self-destruct. I am not permitted to be captured. I must be destroyed. I can no longer carry this for you. Nor can I watch over the child. This is correct. Victory through combat is impossible. We will be captured. The child will be lost. Sadly, there is no scenario where the child is saved, in which I survive. Please tell me the child will be safe in your care. If you do so, I can default to my secondary command. And you will live, and I will have served my purpose. There is nothing to be sad about. I have never been alive. Yes, you are. I'm a nurse droid. I've analysed your voice. Manufacturer's protocol dictates I cannot be captured. I must be destroyed"IG-11
0%
The Mandalorian: The Mandalorian"The tracking fob is still active. My sensors indicate that there is a life form present. Species age differently. Perhaps it could live many centuries. Sadly, we'll never know. The commission was quite specific. The asset was to be terminated"IG-11
0%
Clone Wars: Supply Lines"Captain Keeli! Well, let's make the end memorable. The Twi'leks will live to fight another day"Ima-Gun Di
0%
Return of the Jedi"Goola chuba!"Jabba Desilijic Tiure
0%
The Last Jedi"They're everywhere!"Jaycris Tubbs
0%
Andor: The Eye"You. You'll hang for this"Jayhold Beehaz
0%
A New Hope"I'm right with you, Red Three. I've got a problem here. I can hold it. No, I'm alright"Jek Porkins
0%
Ahsoka: Master and Apprentice"How many targets are there?"Jensen Corbyt
0%
Rogue One"Hit the terrorist"Jimmon Arbmab / HC-4120
0%
A New Hope"I'm hit!"John D. Branon
0%
A New Hope"Red Leader, this is Gold Leader. We're starting our attack run. The exhaust port is marked and locked in. Switch all power to front deflector screen. Switch all power to front deflector screen. How many guns do you think, Gold Five? Switch to targeting computer. They're coming in. Three marks at 210. It's no good. I can't maneuver. We're too close. Loosen up!"Jon Vander
0%
Rebels: Zero Hour"Wait... Now!"Jun Sato
0%
Rogue One"Stardust. Climb. Climb. You can still send the plans to the fleet. If they open the shield gate, you can broadcast from the tower. Locking the vault door now. Goodbye"K-2SO
0%
Bad Batch: Confined"Did you not read the standing orders for the day? LH-201 has been slated for termination. The creature's recent domesticated disposition has been deemed a liability. It is protocol. Security alert. Calling security"K-9X1
0%
The Book of Boba Fett: Return of the Mandalorian"You look lost. What makes you think he's here? What do you want of him? Who? Well, if I see him, I'll let him know. That's not me. That doesn't even look like me. They're not going anywhere. Looks to me like you're surrounded. But you look like the practical type. Let's discuss our options"Kaba Baiz
0%
Clone Wars: Padawan Lost"It's worth a shot. Split up! It's okay. I can make it. Please, Ahsoka, leave me. You have to. Ahsoka, please take care. I know you will"Kalifa
0%
Clone Wars: Legacy of Terror"You. You are the creatures that attacked Geonosia. Why have you come before me? You not dictate to me, Jedi. My empire is forever. I no submit to you! No, Jedi. No! I no destroy you. I devour you. I control you. I had but one Jedi before young Poggle bring me. But now, I have three. Now, watch as my child enters your Jedi friend. And once inside, her mind becomes my mind. Her thoughts, my thoughts"Karina the Great
0%
Clone Wars: Massacre"Go, and lead us to victory"Karis
0%
Andor: The Eye"Get this thing in the air! Go! Go! Go! I can't feel my legs. I can't... I can't feel my legs. Climb! Climb. Full climb now! Climb! Dive! Vector six five five five one! Full boost thrust on level!"Karis Nemik
0%
Rebels: Zero Hour"Prepare to engage gravity wells. No! Take evasive action!"Kassius Konstantine
0%
Clone Wars: Witches of the Mist"Stop him! I will not be intimidated"Katuunko
0%
Clone Wars: Supply Lines"I'm not finished yet, sir. We can do this, General"Keeli
0%
The Empire Strikes Back"Lord Vader. The fleet has moved out of light speed, and we're preparing to..."Kendal Ozzel
0%
Clone Wars: The Gungan General"The last time I went on one of these ransom missions, I spent three weeks in a dungeon. Representative Binks, stop fooling around. We're landing. Secure yourself. We've been betrayed!"Kharrus
0%
Revenge of the Sith"Come on!"Ki-Adi-Mundi
0%
Andor: The Eye"What's going on here? Sorry, sir, but... Commandant? Sir? What is going on here? Sir..."Kimzi
0%
Clone Wars: Monster"Master? No!"Knox
0%
Clone Wars: The Zillo Beast Strikes Back"If that creature is as powerful as they say, what good are these rifles gonna be?"Kosmos
0%
Andor: Kassa"Stop! Stop right there! You're in Pre-Mor corporate zone. You know that, right? I sure hope not. That's off-limits to visitors. We'd have to fine you. Yeah, we'd have to impound your ride. What if he swam over? You swim over, scrawno? Yeah, he's not laughing anymore. Gonna have to see it, big stuff. There you go. What are the chances on that? That is almost exactly what it costs to cover the fine, the towing charge and our personal processing fee. Let's have a look at it. Have at it. He's not breathing. Verlo! Verlo! He's not! Verlo! You killed him. You didn't mean it. He fell. We had a misunderstanding, and... We'll go in together. We played too hard in hitting, and you didn't understand it. He tried to grab you, and... and he fell, and he hit his head. We'll go in together. We'll tell them what happened"Kravas Drezzer
0%
Solo"Lando. Lando. This is not... Lando. Lando. What's happening to me?"L3-37
0%
Clone Wars: Wookiee Hunt"Krix and Smug should be back by now"Lagon
0%
The Mandalorian: The Jedi"So, you threw in with the Jedi. Who do you think's gonna win? Could be your side. Could be my side. I got no quarrel with you, Mandalorian. You and I, we're a lot alike. Willing to lay our lives down for the right cause which this is not. Sounds like you win"Lang
0%
The Mandalorian: The Prisoner"Stop! Just stop right there. You put down the blasters right now. Put down your blasters. It's Davan. Hey"Lant Davan
0%
Rogue One"We're going down!"Laren Joma
0%
Tales of the Jedi: Choices"It happened so fast. I... I couldn't give you an exact number. Master Katri exited the ship first, and before she could clear the area, they descended upon her. From what I can remember. It was terrifying. The guards killed her!"Larik
0%
Clone Wars: The Jedi Who Knew Too Much"I was told if I ever needed help, you were the Jedi to contact. The idea of feeding Jackar the nano-droids was not mine. Because my life is in danger. The person behind this will be able to get to me unless you know the truth. A Jedi. A Jedi showed me how to create the bomb, and how to put the nano-droids in. There are some citizens of the Republic, like myself, who believe the Jedi order is not what it used to be. The Jedi have become warmongers. They've become military weapons, and they're killing when they should be keeping the peace. One of these Jedi agreed with us. One of you wanted to make a statement and was willing to attack your own order to do it. If you protect me, I will tell you, because it is obvious to be that I have been set up. It's..."Letta Turmond
0%
Clone Wars: The Lost Ones"You have no business left with the Pykes, Tyranus. Kill Tyranus!"Lom Pyke
0%
The Force Awakens"Something far worse has happened to you. I know where you come from, before you called yourself Kylo Ren. The First Order rose from the dark side. You did not. You may try, but you cannot deny the truth that is your family"Lor San Tekka
0%
Rebels: Jedi Night"This is LS-261. We're under attack!"LS-261
0%
Rebels: Double Agent Droid"Cut it off. Cut if off!"LT-319
0%
Clone Wars: Massacre"Doom is upon us, sister. Run. Save yourself"Luce
0%
Clone Wars: Jedi Crash"Watch your left!"Lucky
0%
The Last Jedi"It's nice that way. Leia, I'm sorry. I came to face him, Leia. And I can't save him. No one's ever really gone. No. I failed you, Ben. I'm sorry. Amazing. Every word of what you just said was wrong. The rebellion is reborn today. The war is just beginning. And I will not be the last Jedi. No. Strike me down in anger and I'll always be with you. Just like your father. See you around, kid"Luke Skywalker
0%
Rogue One"You're not taking him. As hostages. You will never win"Lyra Erso
0%
Revenge of the Sith"In the name of the Galactic Senate of the Republic, you are under arrest, Chancellor. The senate will decide your fate. Not yet. You are under arrest, my Lord. The oppression of the Sith will never return. You have lost. He is the traitor! Don't listen to him, Anakin! I am going to end this once and for all. He has control of the senate and the courts. He's too dangerous to be left alive"Mace Windu
0%
Clone Wars: The Gungan General"Missile closing. Bank left! What the... Jar Jar, what are you doing? Sir, you... you must get out of the cockpit. Sir, you must leave. Get back into your seat. We're going down!"Mack
0%
Rebels: The Siege of Lothal"Thank you, Agent Kallus, but there... there was no need for an escort. I see. Yes, I suppose so. Right"Maketh Tua
0%
Bad Batch: A Different Approach"I thought you'd come searching for your mutt. Yeah, unfortunately for you, Lau has a very strict pet policy. No license means a hefty fine. How 'bout you give me all my money back? Credits won't do you any good when Hemlock shows up. Did you think I wouldn't piece it together when I found that crashed shuttle? Nothing gets by me. I run this town. So, hand over the credits and surrender. Send reinforcements to the cargo dock! They're stealing the cargo ship!"Mann
0%
The Phantom Menace"Shields up!"Maoi Madakor
0%
Clone Wars: Shadow of Malevolence"Nothing, sir. Just trying to keep it together"Matchstick
0%
Rebels: Twin Suns"Me. See you soon, apprentice. Look what has become of you. A rat in the desert. I've come to kill you but perhaps it's worse to leave you here, festering in your squalor. And what do you have? Why come to this place? Not simply to hide. Oh, you have a purpose here. Perhaps you are protecting something. No. Protecting someone. Tell me. Is it the chosen one? He will avenge us"Maul
0%
Bad Batch: The Outpost"Go. I won't make it"Mayday
0%
Obi-Wan Kenobi: Part I"Come on! Let's go! Come on. Let's go. Come on. Move. Quick. Go. Come on. Go. Go! Go!"Minas Velti
0%
Clone Wars: Escape from Kadavo"I have no desire to end Skywalker's life. He has become a valuable asset to me and my throne. I will not be ordered about in my own palace, Count. Atai, what does he mean? Atai, you traitor! I'll make you both pay for this treachery. Skywalker... No escape, for any of us. Kadavo System. You were right, Skywalker. I am a slave, just as you are"Miraj Scintel
0%
Clone Wars: Voyage of Temptation"Careful over there. It's dark. My side's secure. What have you got, Redeye? Redeye, do you copy?"Mixer
0%
Bad Batch: Retrieval"It appears we have uninvited guests. Care to show yourselves? So you think you can come here and steal from me? Not anymore. And I'd rethink the blasters. One stray shot, and we're all done for. I believe you, but I think you'll reconsider. Lower your weapons, or she goes over. Trespassing and attempted theft. Ten years in the mines seems like a reasonable punishment, if you survive that long. Take them below. Not now, kid. I'm busy. That's a lie. Don't listen to him! I was taking my share. None of you would've survived without me. Don't forget that. Throw her over! No one's going to take what belongs to me. Take care of all of them! I'll deal with you myself. You never should've crossed me, kid"Mokko
0%
The Book of Boba Fett: In the Name of Honor"It is" (Ithorese)Mok Shaiz
0%
Rebels: An Inside Man"Yes, sir. After losing my farm. I do. Something's wrong. It's overheating. Gonna have to shut it down. I can't stop it! No!"Morad Sumar
0%
Ahsoka: The Jedi, the Witch, and the Warlord"We are ready to depart, Grand Admiral. I understand. For Dathomir. Your friends are dead. And you will die here. Alone. Kill her!"Morgan Elsbeth
0%
Clone Wars: Brothers"I'm ready for my leftovers. Oh, you're still alive, huh? No! No, no, I... I found him this way. It wasn't me. I found him this way. I didn't know. I didn't know"Morley
0%
Ahsoka: Fallen Jedi"They're not launching fighters" (Huttese)Mowaat
0%
Rebels: Call to Action"Sir, we, uh, responded personally to an attack last night in one of the outlying towns. Others, sir? You mean there are other cells?"Myles Grint
0%
Tales of the Empire: The Path of Hate"Magistrate Elsbeth, I am here on behalf of the New Republic. I brought a petition to the Senate for Corvus to become a member planet. They are willing to accept. However, first, you must step down and relinquish your control of the local systems. If you will not comply, I will have to arrest you. Leave now. Peacefully. It's what the people want. I had no intention of labouring for you and what you call fair wages. You have all but enslaved these people. I won't allow that to happen. He's right, Magistrate. Your crimes are well-known. Step down willingly. Turn yourself in. Please. I can help you get a fair trial. Don't burn everything down around you. R8, send a distress signal. Be brave. No matter how dark things get. You can. Help will come... but you must be ready to do your part. Even if it is small. You can make a difference"Nadura
0%
Clone Wars: Lair of Grievous"You were right, master. That exit must lead to the control room. No, you go. I will hold him off. We can't just run. We must finish him. I have been waiting for this. You will find out soon enough. You can't defeat us all"Nahdar Vebb
0%
Bad Batch: The Cavalry Has Arrived"You never understood the complexities of cloning. My work will never belong to you or the Empire. It will always be Kaminoan"Nala Se
0%
Tales of the Empire: The Path of Fear"Mo... mother, our... our way is true. I'm sorry"Nali
0%
Bad Batch: The Outpost"Step aside. Step aside! Get back to work and load those crates. All of you! About time you two returned. I see you didn't retrieve the crates, which means you've failed your mission. Certainly not. That would be a waste of the Empire's resources. He served his purpose as a soldier of the Empire. Perhaps you didn't hear me. He is expendable, as are you. And if you speak to me again with such disrespect, I'll see to it you meet a similar fate, clone. Now, leave him and get back to work, while you're still useful"Nolan
0%
Revenge of the Sith"The war is over. Lord Sidious promised us peace. We only want..."Nute Gunray
0%
A New Hope"Only a master of evil, Darth. You can't win, Darth. If you strike me down, I shall become more powerful than you can possibly imagine"Obi-Wan Kenobi
0%
Clone Wars: Bounty"Hey, there. What's a pretty, bald babe like you doing in a desert like this? Hey! I'm talking to you, lady!"Oked
0%
Clone Wars: Legacy of Terror"Yes, I think I'm right next to you. Don't leave me..."O.M.5
0%
Clone Wars: Supply Lines"Careful, it might be full of clones. Explosives?"OM-5
0%
Clone Wars: Supply Lines"Uh, no clones. Just explosives"OM-7
0%
Clone Wars: Senate Murders"Truly, you have turned the tide. Senator Burtoni, the Kaminoans might have bartered their creation of the clones into a seat in the Galactic Senate, but this does not give you free rein. Thank you for visiting Senator. We would like to continue our meeting now, if you don't mind. I am just trying to do what's right. I only wish I'd tried doing that a long time ago. Oh, my heart. I can't breathe"Onaconda Farr
0%
Clone Wars: Rookies"Sound the alarm! Get a message to the fleet! We have to warn..."O'Niner
0%
Return of the Jedi"Na! Na! Natoota! Natoota kwazi kwa! Kwazi Kwa!"Oola
0%
Clone Wars: A Necessary Bond"This is OOM-87, General. The prison area is under attack. There are several miniature Jedi here. The little ones, half the size of normal Jedi. They're freeing the prisoners and... my knees!"OOM-87
0%
Rogue One"Who are you? Oh, I have, have I? The shield is up. Your signal will never reach the rebel base. All your ships in the air will be destroyed. I lose nothing but time. You, on the other hand, die with the Rebellion"Orson Krennic
0%
Clone Wars: Eminence"Hopa! Hopa! Hagwa. Hagwa. Hagwa. Tatooine. Tatooine"Oruba
0%
Clone Wars: Citadel Rescue"Look what I found. If I can't have the information, it will die with you"Osi Sobeck
0%
The Phantom Menace"Check it out, Corporal. We'll cover you. Uh-oh. Blast them"OWO-1
0%
Revenge of the Sith"Luke. Oh, Luke. Leia. Obi-Wan? There's good in him. I know. I know there's... still..."Padmé Amidala
0%
The Last Jedi"Nix!"Paige Tico
0%
The Mandalorian: The Spies"This is the way. Fall back! I'll cover the rear! Go. There are too many. This is the way"Paz Vizsla
0%
Bad Batch: Tipping Point"Initiate protocols. Erase the data banks!"Pearce
0%
Rogue One"They're all over me. I'm trying to lose them. This is Red Five. I need help!"Pedrin Gaul
0%
Clone Wars: The Disappeared Part II"Great Mother, my visions have come to fruition. At last, you are here. The temple is well protected. When they arrive, the stone guardians will deal with them. Let go!"Peteen
0%
The Last Jedi"Traitor! What? You are a bug in the system. You were always scum"Phasma
0%
Clone Wars: Hostage Crisis"We're all in agreement then. I don't know who you think you are, but I, for one, have no intention of listening to this kind of insolence"Philo
0%
Clone Wars: Lethal Trackdown"CT-411"Ponds / CT-411
0%
Clone Wars: Carnage of Krell"Because I can. Because you fell for it, because you're inferior. A Jedi? I am no longer naive enough to be a Jedi. A new power is rising. I've foreseen it. The Jedi are going to lose this war, and the Republic will be ripped apart from the inside. In it's place is going to rise a new order, and I will rule as part of it. I serve no one's side, only my own, and soon, my new master. Not yet. But when I get out of here, I will be. After I've succeeded in driving the Republic from Umbara, the Count will reward my actions, and make me his new apprentice. That's because you were the biggest fool of them all, Dogma. I counted on blind loyalty like yours to make my plan succeed. You never learn, Captain. The Umbarans are going to retake this space, and when they do, I will be free. You're in a position of power now. How does it feel? It feels good, doesn't it? But I can sense your fear. You're shaking, aren't you? What are you waiting for? The Umbarans are getting closer. You can't do it, can you? Eventually, you'll have to do the right thing and..."Pong Krell
0%
Clone Wars: Shades of Reason"So be it. Give him his weapon. For Mandalore! Like you said, only the strongest shall rule"Pre Vizsla
0%
Resistance: The Escape"What? What?"Pyre
0%
The Mandalorian: The Prisoner"Zero to Mayfeld. Mayfeld, do you copy? It seems comms are no longer functioning, therefore you cannot hear me. You are on your own. Curious"Q9-0
0%
The Phantom Menace"No it... it's too late. Obi-Wan. Promise... promise me you'll train the boy. He is the chosen one. He... will bring balance. Train him"Qui-Gon Jinn
0%
Bad Batch: Flash Strike"Wait. You are not authorised to be here. This area is under my jurisdiction. What is going on here?"RA-7-81
0%
Resistance: The Relic Raiders"Get up. Move. Really? Because my scans indicate someone's been inside that temple. What did you find? It's her. Hand over the relic. Now! Now, give it to us, and perhaps we'll spare the children. What is she doing? Deactivate it, quickly!"Raith
0%
Clone Wars: Nightsisters"You took quite a beating there, didn't you, missy? Which side of the battle was you on? Aw, not too talkative, are you? Now why would anyone wanna go there? Ain't nothing there but fog and witches"Ratch
0%
A New Hope"We intercepted no transmissions. This is a consular ship. We're on a diplomatic mission"Raymus Antilles
0%
The Force Awakens"Search the freighter" (Jablogian)Razoo Qin-Fee
0%
Clone Wars: Voyage of Temptation"I'll check out the south quadrant. Yeah, very funny, Mixer. Stop messing around. That's not funny. Droids"Redeye
0%
Tales of the Empire: The Path of Hate"Get to the ship!"Reggi
0%
Clone Wars: Prisoners"Prince Lee-Char. I killed your father without pity or mercy"Riff Tamson
0%
Clone Wars: Bounty"Stop him! He's the leader! You! Over my dead body"Rigosso
0%
Solo"Starting the clock. Jamming their signal. 9.6 to the bridge. Let's find out how good we really are, folks. Alright, talk to me. Is it a good day? I don't know. You've never been to a Mynock roast on Ardennia. Well, that didn't take 'em long. Just up here planning my retirement. Thinking about opening a cantina somewhere warm, but not too warm, you know? Lowering the winch cables now. Marauders. Pirates. Come to snake the score from under us. Hang on. I got an uninvited guest. Get off of my ship! Yeah, I'm okay. Just nicked one of my shoulders. It's nothing. Yeah, it looks worse than it is. Just gotta patch it up. Maybe rest my eyes for a minute. You weren't lying, kid. You're a hell of a pilot. It's no good to die alone, kid. Val was right"Rio Durant
0%
The Mandalorian: The Gunslinger"Hand over the child, Mando. I might let you live. I can bring you in warm or I can bring you in cold"Riot Mar
0%
Clone Wars: Shadow Warrior"Master, I have done what yousa asked. Skywalker isa here"Rish Loo
0%
Clone Wars: Shadow Warrior"Yousa army is shut down, General. Mesa suggest you surrender. Not die... sacrifice. Jar Jar, now!"Roos Tarpals
0%
Bad Batch: The Cavalry Has Arrived"That's far enough! They won't risk hurting you. If I go over, then you go over. Drop the blasters!"Royce Hemlock
0%
Clone Wars: Children of the Force"All gravity supports off"RO-Z67
0%
Revenge of the Sith"Stop! No!"Rune Haako
0%
Clone Wars: Crisis at the Heart"You wouldn't understand. I had to strike a deal with Dooku, but don't worry, I am the one in control. As soon as things have settled down, I can get rid of him, and I'll control it all again. Get me Count Dooku. What? Such plans I had. You know, I've spent so much of my life misunderstood. What will they say about me now? What will I have left behind? Stay away from me. I didn't do anything wrong. You have to believe me. You don't understand. You've all been deceived. No! By Dooku. I'm not the villain here. Tell him, Padmé. Let me go. I'm sorry, Padmé"Rush Clovis
0%
Clone Wars: Tipping Points"Your gunships have failed. I need more reinforcements. What about...?"Sanjay Rash
0%
Clone Wars: The Lawless"Don't listen to him, Obi. Remember, my dear Obi-Wan. I've loved you always. I always will"Satine Kryze
0%
Clone Wars: The Lawless"Brother, I am an unworthy apprentice. I'm not like you. I never was"Savage Opress
0%
Rogue One"Go with him, Jyn. You must go. I will run no longer. But you must save yourself. Go! Save the rebellion! Save the dream"Saw Gerrera
0%
The Book of Boba Fett: From the Desert Comes a Stranger"What's going on, boss? I'm not leaving you out here alone. Hey, the Marshal ain't for sale"Scott
0%
Rebels: Crawler Commandeers"This is my crawler, rebel. I work for the Guild, just as he who spawned me, and as my spawn will after me"Seevor
0%
Tales of the Empire: The Path of Fear"Morgan, this way. Stand your ground. Stay back. Run"Selena
0%
Rebels: Twilight of the Apprentice"No! No!"Seventh Sister
0%
A New Hope"Where are you taking this... thing? I wasn't notified. I'll have to clear it"Shann Childsen
0%
Return of the Jedi"If you will not be turned, you will be destroyed. Young fool. Only now, at the end, do you understand. Your feeble skills are no match for the power of the dark side. You have paid the price for your lack of vision. Now, young Skywalker, you will die"Sheev Palpatine
0%
The Rise of Skywalker"Long have I waited... for my grandchild to come home. I never wanted you dead. I wanted you here, Empress Palpatine. You will take the throne. It is your birthright to rule here. It is in your blood. Our blood. As a Jedi? No. Your hatred. Your anger. You want to kill me. That is what I want. Kill me and my spirit will pass into you. As all the Sith live in me, you will be Empress. We will be one. The time has come! With your hatred, you will take my life, and you will ascend, Weak. Like your parents. Your Master, Luke Skywalker, was saved by his father. The only family you have here is me. They don't have long. No one is coming to help them. And you are the one who led them here. Strike me down. Take the throne. Reign over the new Empire, and the fleet will be yours. Only you have the power to save them. Refuse, and your new family dies. Good. The ritual begins. She will strike me down and pledge herself as a Sith. She will draw her weapon. She will come to me. She will take her revenge. And with a stroke of her saber, the Sith are reborn. The Jedi are dead! Do it! Make the sacrifice. Stand together, die together. The lifeforce of your bond, a dyad in the Force. A power like life itself. Unseen for generations. And now, the power of two restores the one, true Emperor. Look what you have made. As once I fell, so falls the last Skywalker. Do not fear that feeble attack, my faithful. Nothing will stop the return of the Sith. Let your death be the final word in the story of the rebellion. You are nothing. A scavenger girl is no match for the power in me. I am all the Sith!"Sheev Palpatine
0%
Attack of the Clones"Ani? Is it you? Ani? Ani? Oh, you look so handsome. My son. My grown up son. I'm so proud of you Ani. Now I am complete. I love... I love..."Shmi Skywalker
0%
Return of the Jedi"Got it"Sila Kott
0%
Clone Wars: The Lost Ones"Who... who's there? Jedi? To find me? Why me? I was betrayed, forgotten, long ago. Quick. Maybe you have some food. Have you... have you any food? Thank you, my friend. A supply bar. Delicious. You see, I was so frightened I would have nothing to serve. My... my babies, they get so angry when I have nothing to serve. Home? No, no, this is my home. I can't leave my friends. Sifo-Dyas? He... he... he died. Died, died, died, died. Tricked, we were. The Pykes are not to be trusted. Oh, no, no, no, no. No, no, no, no, no, no, no. But the Pykes were not the ones. No, no, the Pykes were not the reason. Someone powerful. Someone who... who wanted to be Sifo-Dyas. All is deception. Can't you see? Because... because..."Silman
0%
Clone Wars: The Box"Step back, boys. I show you how it's done"Sixtat
0%
Clone Wars: Storm Over Ryloth"I can't help you, Axe. I've got my own problem"Slammer
0%
Rebels: In the Name of the Rebellion"Wasn't that the Commander? Where is she going? Oh, no"Slavin
0%
Bad Batch: The Clone Conspiracy"I'm at the rendezvous. Where are you? Senator? What are you doing here? No, no. No, no. No, no. I'm leaving once he gets here. Someone who can make me disappear, where the Empire can't find me. How did you even find me? Were you followed? If you can get to me, so can they. Senator, you're not listening to me. They already killed Cade. My life is in danger. Yours will be too. You have to go. Yeah, he's right, and you don't need me. The evidence you want is aboard Rampart's ship. Check the bridge's command log. I saved a backup to the central system..."Slip / CT-0406
0%
The Last Jedi"Well done, my good and faithful apprentice. My faith in you is restored. Young Rey. Welcome. Come closer, child. So much strength. Darkness rises and light to meet it. I warned my young apprentice that as he grew stronger, his equal in the light would rise. Skywalker, I assumed... wrongly. Closer, I said. Oh. Have you seen something? A weakness in my apprentice? Is that why you came? Young fool. It was I who bridged your minds. I stoked Ren's conflicted soul. I knew he was not strong enough to hide it from you, and you were not wise enough to resist the bait. And now, you will give me Skywalker, then I will kill you with the cruelest stroke. Yes. Give me everything. Well, well, I did not expect Skywalker to be so wise. We will give him and the Jedi Order the death he desires. After the rebels are gone, we will go to his planet and obliterate the entire island. Such spunk. Look here now. The entire Resistance on those transports. Soon they will all be gone. For you, all is lost. Oh, and still that fiery spit of hope. You have the spirit of a true Jedi. And because of that, you must die. My worthy apprentice, son of darkness, heir apparent to Lord Vader. Where there was conflict, I now sense resolve. Where there was weakness, strength. Complete your training, and fulfil your destiny. You think you can turn him? Pathetic child. I cannot be betrayed. I cannot be beaten. I see his mind. I see his every intent. Yes. I see him turning the lightsaber to strike true. And now, foolish child, he ignites it, and kills his true enemy!"Snoke
0%
Clone Wars: Wookiee Hunt"Lo-Taren! What?"Sochek
0%
Andor: The Eye"Stop right there. Let the boy go. Let the boy go!"Soden Petigar
0%
Solo"Your Empire needs you. Troopers, forward! Solo, get up! We're almost there! Just over that last ridge. Victory is..."Staz
0%
Clone Wars: Tipping Points"Are you alright, your Majesty?"Steela Gerrera
0%
Rogue One"I'm going!"Taidu Sefla
0%
Obi-Wan Kenobi: Part V"Go! Go! Go! Retreat! Go! Go! Go! Go! May the Force be with you"Tala Durith
0%
Clone Wars: Voyage of Temptation"Come in, Kenobi. You're expected. Hmm, I took the precaution of wiring this ship's engine to explode. I press this remote, and we all die. This is Merrik. Stand by to disengage. Say farewell, Duchess. I don't believe this. That is touching. Truly, it is. But it's making me sick, and we really must be going. Ow! Interesting turnabout. But even if I do not deliver the Duchess alive to the Separatists, I still win. The second I'm away, I'll hit the remote and blow the Coronet to bits. What will you do? If you shoot me, you prove yourself a hypocrite to every pacifist ideal you you hold dear. And you, Kenobi. You are no stranger to violence. You'd be hailed as a hero by everyone on this ship. Almost everyone. Come on, then. Who will strike first and brand themselves a cold-blooded killer?"Tal Merrik
0%
Clone Wars: Mystery of a Thousand Moons"Can't hold on much... Someone help me"Taquito
0%
Andor: The Eye"Cover me!"Taramyn Barcona
0%
The Force Awakens"Wrong again, Solo. It's over for you, and for your associate. Twice. Nowhere left to hide" (Jablogian)Tasu Leech
0%
Bad Batch: The Solitary Clone"There's no need. I'm Tawni Ames. The rightful governor. Desix separated from the Republic years ago, Commander. We are an independent system. Once your government acknowledges this, Grotton and his soldiers will be handed over. Those are my terms. If you did, you might see how unjust your actions are. We were defending ourselves from a hostile occupation. Your forces are the only threat to my people. Peace? There was a time I believed in that. So much so, my colleague Mina Bonteri and I put forth a treaty with Separatist and Republic senators alike to end the war. Your Supreme Chancellor rejected it. I realised then, peace was never an option. So much for peace"Tawni Ames
0%
Bad Batch: Plan 99"This is not ideal. I can try to reboot the system, but I will need to plug directly into one of the terminals on the track. I am plugged in. Stand by. Echo, now! I am climbing as fast as I can. Don't! Any shift in weight could send both of these cars over. You must sever the connection hinge. Now! There is no time, Wrecker. Plan 99. When have we ever followed orders?"Tech
0%
The Rise of Skywalker"Yeah, I see 'em"Temmin Wexley
0%
Clone Wars: Altar of Mortis"What have you done, brother? Our father is dying. Did you do it? I won't let you leave this planet. Their conflict is feeding you, isn't it? I must stop them. You don't have to do this. I can't. I won't. I am sorry, father. I didn't know how else to stop him. Father! Do not hate him, father. It is his nature"The Daughter
0%
Clone Wars: Ghosts of Mortis"I have brought you back to my monastery. My son broke the laws of time, and showed you what you should never have seen. I have erased that time. We shall never know. We have little time, and you'll get only one chance. You know what you must do. I ask you one last time. Do not leave, my son. What you will do will destroy all that is good. I beg you, restrain yourself and stay. And then, it shall be. I love you, my son. I held hope that you could resist the dark side. But I see now, there is no going back. Yes, my child. It did. You and I are tied together, and your strength runs through me. This way, I take your power. I always knew there was good in you. And now, I die, my heart broken, but knowing the role you will play. You are the chosen one. You have brought balance to this world. Stay on this path, and you will do it again, for the galaxy. But beware your heart"The Father
0%
A New Hope"We should be able to see it by now. There's too much interference. Red Five, can you see them where you are? Better let her loose. They're right behind me. I can't hold them"Theron Nett
0%
Clone Wars: Ghosts of Mortis"How quaint. My own personal send-off. You have no power to keep me, old man. You must understand by now, this planet is not my destiny. I cannot. Do you? What? You're going to kill me now? Father. No! What have you done? It did not have to be this way! Please, don't die. And so you have betrayed me, father"The Son
0%
Clone Wars: Crisis at the Heart"We're caught out here in the open. Get the men off this landing pad and beyond the city gates. Senator Amidala, come in, please. We're under attack by the Separatist garrison. Looks to be a full invasion. We can't get to you. I suggest you get to a ship as soon as you can. Let's move! Hurry! For the Republic!"Thorn
0%
Clone Wars: Cat and Mouse"He is headed right for us. We cannot. The shields are still recharging"TI-99
0%
Rebels: Heroes of Mandalore"Stay back, Captain. Sabine Wren. You truly are brilliant, except for thinking you could infiltrate my ship unnoticed. Sadly, as much as I would like to end your life, I need you alive. You are going to upgrade your little experiment and deliver a weapon that operates at its full potential. Let's see if I can persuade you. I am the Empire! Palpatine has shown me the way to full power. This is not enough power to kill you, just to teach you a lesson that in the end, all of Mandalore will bow to me. Are you impressed by how well your weapon works? I believe you can do better. Help me to increase the range of the weapon or she will die. You're doing the right thing, Sabine. This weapon of yours, it can unite the houses. It can bring peace. Mandalore must adapt to survive. Would you rather we destroy ourselves in a fight that cannot be won? I'll take that into consideration"Tiber Saxon
0%
Resistance: The Escape"Supreme Leader, I have the Colossus within my grasp, but I need reinforcements. No, I simply need support to... I understand. Yes... Supreme... Leader..."Tierny
0%
Andor: Reckoning"Bix! Bix! What have you done to her? She's bleeding! Who did this?"Timm Karlo
0%
Clone Wars: The Unknown"On your right!"Tiplar
0%
Rogue One"I was about to leave. I have to get back on board. Walk with me. They'll leave without me. An Imperial pilot, one of the cargo drivers, he defected yesterday. He's telling people they're making a weapon. The kyber crystals, that's what they're for. Look, I have to go! A planet killer! That's what he called it. Someone named Erso sent him. Some old friend of Saw's. I don't know. They were looking for Saw when we left. I have no idea. It's all falling apart. Saw's right. There's spies everywhere. No! What have you done? Are you crazy? I'll never climb out of here. My arm!"Tivik
0%
Bad Batch: Confined"TK-343 to base. Do you copy? Relax. The lurca hounds keep them at bay. TK-343 to base. Send backup! Over there!"TK-343
0%
A New Hope"There's one. Set for stun"TK-9091
0%
Solo"You're relentless, I'll give you that. Dryden dead? Qi'ra kill him? Still don't get it, do you, kid? It was never about you. She's a survivor. Not you, kid. You're nothing like me. I hope you're still paying attention because now I'm gonna tell you the most important... You made the smart move, kid, for once. I woulda killed you. I really was gonna learn to play that valachord"Tobias Beckett
0%
The Mandalorian: The Gunslinger"Took you long enough, Mando. Looks like I'm calling the shots now, huh partner? Drop your blaster and raise 'em. Cuff him. You're a Guild traitor, Mando. And I'm willing to bet that this here is the target you helped escape. Fennec was right. Bringing you in won't just make me a member of the Guild. It'll make me legendary"Toro Calican
0%
Clone Wars: Blue Shadow Virus"Cannot see. Where am I? Bravery? Vi... virus. A small amount leaked out. Must contain. Naboo cannot know. Lab must remain secret. It is a secret. This is no Separatist ship. The lab is secret. Uh oh"TR-350
0%
Clone Wars: Brain Invaders"What are you doing? Couldn't tell you, Commander. I'm just as confused as... No, sir. I did not. Look, no guns. Excuse me, sir. We should make sure that we're still in control of the bridge. Havoc can watch them until we check on the bridge"Trap
0%
Clone Wars: Monster"Get him!"Trauma
0%
Clone Wars: A Friend in Need"No! Save them, Ahsoka. Save them. Save my people"Tryla
0%
Clone Wars: Conspiracy"Why am I here? Follow orders. Kill Jedi. Kill Jedi!. Follow orders. Follow orders. Follow orders. Follow orders. Follow orders. I'm free. The mission... free. The mission... free. The mission. You... you know the one. The... the mission. The one in our dreams, that never ends. The one in our dreams... Oh, brother. This is the end. Forget the mission. Oh, the nightmare. I'm... free"Tup / CT-5385
0%
Clone Wars: The Gungan General"It won't be long until Hondo figures out what's happened"Turk Falso
0%
Clone Wars: Grievous Intrigue"Not exactly. The General's description of your tactics have been 100% accurate today. Very impressive, even by my standards. One more step, and your friend will die. Ha, ha, ha. No. Got to get it. Ow. Heh heh heh heh. Uh..."TV-94
0%
Clone Wars: Innocents of Ryloth"You lose, General Kenobi. Does not compute. Does not compute. Does not compute. Does not compute..."TX-20
0%
Clone Wars: Weapons Factory"Two Jedi in the control room? That is impossible. How could they have gotten past security? You heard his Highness. Collect their pathetic little bombs. Then we will kill them. Fool, the super tank is impervious to all weapons..."TX-21
0%
Clone Wars: Rookies"What is that? Unit 26, is that you? You sound strange. Is something wrong with your vocabulator? Take off your helmet. Let me see your faceplate. Clones!"Unit 07
0%
Clone Wars: Rookies"Welcome to Rishi, Commander. As you can see, the outpost is operating at peak efficiency. Thank you for visiting, and have a safe trip back. Uh, there is no need. Everything is fine and fully operational. Roger roger"Unit 26
0%
Solo"Never better. I knew it. I told him. Beckett! He's coming. Viper droids headed your way. They've got me pinned. I'm gonna have to finish the job from right here. It's been a ride, babe, and I wouldn't trade it for anything"Val
0%
The Mandalorian: The Believer"So, what shall we toast to, boys? I can blather on about 'to health' or 'to success' but... but I like to do something a little less rote. Where you from, Brown Eyes. Now there's a man who knows his history. Burnin Konn? That was a hard day. I had to make many unpleasant decisions. Yep. All heroes of the Empire. Well, it's a small sacrifice for the greater good, son. What you gettin' at, trooper? But we've outlasted them, son. They're eatin' themselves alive. The New Republic is in complete disarray, and we grow stronger. You see, with the rhydonium you've delivered, we can create havoc that's gonna make Burnin Konn just pale by comparison. And then they're gonna turn to us once again. You see, boys, everybody thinks they want freedom, but what they really want is order. And when they realise that, they're gonna welcome us back with open arms. Ah. To the Empire"Valin Hess
0%
Rogue One"Come on, come on, come on, come on!"Vangos Grek
0%
Clone Wars: Old Friends Not Forgotten"I'm sorry, Commander"Vaughn / CT-0292
0%
Obi-Wan Kenobi: Part II"I don't know! I don't... know"Vect Nokru
0%
Rebels: A World Between Worlds"The temple. it's collapsing! What have they done? The knowledge. Everything will be lost! No!"Veris Hydan
0%
Andor: Kassa"Hey! Scrawno! Slow down! Slow down! Employees are required to present their IDs on request. Oh, no, you didn't park out past the causeway, did ya? Yeah, I mean, you know about the visitor's curfew, right? Tough break. If you've got Corpo ID, now would be the time to pull it out. Everybody's lucky night"Verlo Skiff
0%
The Force Awakens"Search the freighter" (Jablogian)Volzang Li-Thrull
0%
Rebels: Rebel Assault"Negative, command. I almost have her"Vult Skerris
0%
Obi-Wan Kenobi: Part IV"I got you, Sully. Just go. Alright, I'm on my way. Alright, I'm right behind you"Wade Resselian
0%
Clone Wars: Carnage of Krell"It... it was General Krell. He sent us to these coordinates to stop the enemy. We thought they were wearing our armour... but, it was... you"Waxer
0%
Bad Batch: Ruins of War"As of now, we've recovered 85% of the war chest, but I'll chase that number to perfection, sir. What inaccuracies? Your intel was incorrect, sir. I had visual confirmation on two of them. They're alive. Sir, I will not falsify an official report"Wilco
0%
Clone Wars: Eminence"Why do you come here? Fools. We are not mercenaries. Dispose of them. Keep their ships and weapons. Quiet! We are the Black Sun!"Xomit Grunseit
0%
Tales of the Jedi: The Sith Lord"No! This ends here, Sith Lord. Dooku, step to me. Whatever your crimes are, help me now. That does not matter. Whatever lies he's told you, whatever you have done, you can make up for it now by bringing him to justice. There is still a chance to make things right. I know you are. No. I am on your side, Dooku. I stepped down from my position on the Council. You were right about so many things. The Council should've listened. Qui-Gon did not have to die. It is you who has run, Dooku, into the arms of evil. Already so many have suffered for what you called 'order'"Yaddle
0%
Return of the Jedi"That face you make. Look I so old to young eyes? I do. Yes, I do. Sick have I become. Old and weak. When 900 years old you reach, look as good you will not, hmm? Soon will I rest. Yes. Forever sleep. Earned it I have. Strong am I with the Force, but not that strong. Twilight is upon me, and soon night must fall. That is the way of things. The way of the Force. No more training do you require. Already know you that which you need. Oh. Not yet. One thing remains. Vader. You must confront Vader. Then, only then, a Jedi will you be. And confront him you will. Rest I need. Yes. Rest. Your father he is. Told you, did he? Unexpected this is. And unfortunate. No. Unfortunate that you rushed to face him. That incomplete was your training. That not ready for the burden were you. Remember, a Jedi's strength flows from the Force. But beware, anger, fear, aggression, the dark side are they. Once you start down the dark path, forever will it dominate your destiny. Luke. Luke. Do not... do not underestimate the powers of the emperor. or suffer your father's fate you will. Luke, when gone am I, the last of the Jedi will you be. Luke, the Force runs strong in your family. Pass on what you have learned. Luke... there is... another... Skywalker"Yoda
0%
Rebels: The Call"Surrender, thieves. You are at my mercy. What is your answer? Blast those disgusting things! Forget the beasts. Stop that ship! Hold them off. I'll cover you. Keep away. Keep away!"Yushyn
0%
Attack of the Clones"It was a senator from Naboo. It's just a job. It was a bounty hunter called..."Zam Wesell
0%
The Empire Strikes Back"Yeah. I'm with you, Rogue Leader. Coming around. Set for position three. Steady"Zev Senesca
0%
Clone Wars: Hunt For Ziro"This way. My papa's grave. I never did have the heart to tell Mama that Papa ran away, or that he died. Some people are just happier when they're miserable. Every dirty deed those criminals have slithered through. Worth a fortune, baby. Plenty enough to retire on. But... but... what about Solarine? The sunsets? You and me sharing a future? No! Ah, what a world"Ziro Desilijic Tiure
0%

Score Distribution

Percentile by Number Answered

Percent of People with Each Score

Your Score History

You have not taken this quiz since the last reset